00601nam a22001577a 450000500170000001000120001702000260002903700440005508200080009910000170010724500770012426000450020127000730024630000280031950000960034720260226145350.0 aBACEN26 a9789364685979c899.00 bS Chand And Company Limited Publication a000 aAggarwal, RS aA Modern Approach to Verbal And Non Verbal Reasoning b by R.S. Aggarwal aDelhibS Chand And Company Limitedc2025 aA-27, 2nd Floor, Mohan Co-operative Industrial EstatebDelhie110044 aVarious Pagesc27cm(pb) aIBPS- PO/Clerk/SO, RRB Officers, SBI-PO/Clerk, RBI, NABARD and IDBI Bank Executive Officer